<?xml version="1.0" encoding="UTF-8"?>
<record
    xmlns:xsi="http://www.w3.org/2001/XMLSchema-instance"
    xsi:schemaLocation="http://www.loc.gov/MARC21/slim http://www.loc.gov/standards/marcxml/schema/MARC21slim.xsd"
    xmlns="http://www.loc.gov/MARC21/slim">

  <leader>01395nam a22002057a 4500</leader>
  <controlfield tag="008">120405t        xxu||||| |||| 00| 0 eng d</controlfield>
  <datafield tag="020" ind1=" " ind2=" ">
    <subfield code="a">9780071283199</subfield>
  </datafield>
  <datafield tag="050" ind1=" " ind2=" ">
    <subfield code="a">HD4901.M15</subfield>
  </datafield>
  <datafield tag="100" ind1=" " ind2=" ">
    <subfield code="a">McConnell, Campbell R.</subfield>
  </datafield>
  <datafield tag="245" ind1=" " ind2=" ">
    <subfield code="a">Contemporay labor economics. /</subfield>
    <subfield code="c">Campbell R. McConnell, Stanley L. Brue and David A. Macpherson</subfield>
  </datafield>
  <datafield tag="250" ind1=" " ind2=" ">
    <subfield code="a">8th ed.</subfield>
  </datafield>
  <datafield tag="260" ind1=" " ind2=" ">
    <subfield code="a">Boston:</subfield>
    <subfield code="b">McGraw Hill,</subfield>
    <subfield code="c">c2008.</subfield>
  </datafield>
  <datafield tag="300" ind1=" " ind2=" ">
    <subfield code="a">xiv, 625 p.:</subfield>
    <subfield code="b">ill.;</subfield>
    <subfield code="c">23cm.</subfield>
  </datafield>
  <datafield tag="500" ind1=" " ind2=" ">
    <subfield code="a">Includes index.</subfield>
  </datafield>
  <datafield tag="505" ind1=" " ind2=" ">
    <subfield code="a">Contents: Labor economics: introduction and overview -- The Theory of individual labor supply -- Population, participation rates, and hours of work -- Labor quality: investing in human capital -- The Demand for labor -- Wage determination and the allocation of labor -- Alternative pay schemes and labor efficiency -- The Wage structure -- Mobility, migration, and efficiency -- Labor unions and collective bargaining -- The Economic impact of unions -- Government and the labor market: employment, expenditures, and taxation -- Government and the labor market: legislation and regulation -- Labor market discrimination -- Job search: external and internal -- The Distribution of personal earnings -- Labor productivity: wages, prices, and employment -- Employment and unemployment -- Appendix.</subfield>
  </datafield>
  <datafield tag="650" ind1=" " ind2=" ">
    <subfield code="b">Labor economics.</subfield>
  </datafield>
  <datafield tag="700" ind1=" " ind2=" ">
    <subfield code="a">Brue, Stanley L.</subfield>
  </datafield>
  <datafield tag="700" ind1=" " ind2=" ">
    <subfield code="a">Macpherson, David A.</subfield>
  </datafield>
  <datafield tag="942" ind1=" " ind2=" ">
    <subfield code="2">lcc</subfield>
    <subfield code="c">BK</subfield>
  </datafield>
  <datafield tag="999" ind1=" " ind2=" ">
    <subfield code="c">702</subfield>
    <subfield code="d">8202</subfield>
  </datafield>
  <datafield tag="952" ind1=" " ind2=" ">
    <subfield code="0">0</subfield>
    <subfield code="1">0</subfield>
    <subfield code="2">lcc</subfield>
    <subfield code="4">0</subfield>
    <subfield code="7">0</subfield>
    <subfield code="a">WIUC-1</subfield>
    <subfield code="b">WIUC-1</subfield>
    <subfield code="c">GEN</subfield>
    <subfield code="d">2012-04-05</subfield>
    <subfield code="l">0</subfield>
    <subfield code="o">HD4901.M15</subfield>
    <subfield code="p">1593/12</subfield>
    <subfield code="r">2012-04-05 00:00:00</subfield>
    <subfield code="t">1</subfield>
    <subfield code="w">2012-04-05</subfield>
    <subfield code="y">BK</subfield>
  </datafield>
  <datafield tag="952" ind1=" " ind2=" ">
    <subfield code="0">0</subfield>
    <subfield code="1">0</subfield>
    <subfield code="2">lcc</subfield>
    <subfield code="4">0</subfield>
    <subfield code="7">0</subfield>
    <subfield code="a">WIUC-1</subfield>
    <subfield code="b">WIUC-1</subfield>
    <subfield code="c">GEN</subfield>
    <subfield code="d">2012-04-05</subfield>
    <subfield code="l">0</subfield>
    <subfield code="o">HD4901.M151</subfield>
    <subfield code="p">1594/12</subfield>
    <subfield code="r">2012-04-05 00:00:00</subfield>
    <subfield code="t">2</subfield>
    <subfield code="w">2012-04-05</subfield>
    <subfield code="y">BK</subfield>
  </datafield>
</record>
